00684nam a2200145Ia 4500008004100000050002300041100002800064245018800092260008600280300002800366521001200394942000700406999001900413952010600432140724s9999 xx 000 0 und d aRC 111b.D413 2009 aDenopol, Jan Vincent M. 2aA study on the relationship of compliance with the early childhood immunization program the profile of mother at a Barangay Health Center in Las Piñas City /cJan Vincent M. Denopol aLas Piñas, Philippines :bSouthville International School and Colleges,cc2009. a74 p. :bill. ;c28 cm. aNursing cTH c228933d228933 001040aCLbCLcTHESESd2014-07-24l0oRC 111 .D413 2009pT0287r2018-05-15 00:00:00w2014-07-24yTH